Lexikon technických materiálů se zahraničními ekvivalenty : Základní dílo. Aktuální stav září 1999 - včetne 4. aktualizace

Na minha lista:
Detalhes bibliográficos
Formato: Livro
Idioma:tcheco
Publicado em: Praha : Verlag Dashöfer, 1999
Edição:1. vyd.
Assuntos:
Tags: Adicionar Tag
Sem tags, seja o primeiro a adicionar uma tag!

MARC

LEADER 00000nam a22000003a 4500
001 stu51758
005 20150408180048.9
008 000126s1999----xr------------------cze-d
020 |a 80-86229-02-5 
040 |a STU  |b slo 
041 0 |a cze 
044 |a xr 
080 |a 621.002.3(03) 
245 |a Lexikon technických materiálů se zahraničními ekvivalenty :  |b Základní dílo. Aktuální stav září 1999 - včetne 4. aktualizace 
250 |a 1. vyd. 
260 |a Praha :  |b Verlag Dashöfer,  |c 1999 
300 |a neuvedené 
650 7 |a Materiály technické-lexikóny  |2 stusub 
996 |b 284M050731  |c M*10198/4-1  |l MMST  |s P  |a 0  |w stu51758_0001 
996 |c J*96557  |l JJK3  |s P  |a 0  |w stu51758_0002